| 000 | 00486nam a2200205Ia 4500 | ||
|---|---|---|---|
| 005 | 20240823023701.0 | ||
| 008 | 240823s9999||||xx |||||||||||||| ||und|| | ||
| 020 | _a978-81-7722-699-7 | ||
| 041 | _aENGLISH | ||
| 082 | _A006.7869 P9 | ||
| 100 | _a"Gupta,Shalini" | ||
| 245 | 0 | _aFlash 8 in Simple Steps | |
| 250 | _aIst | ||
| 260 |
_c2009 _bDreamtech New |
||
| 500 | _aYES | ||
| 650 |
_aFlash 8 _bComputer Science |
||
| 700 | _a" Gupta,Adity" | ||
| 942 | _cBK | ||
| 999 |
_c182128 _d182128 |
||